000 00231nam a2200097Ia 4500
008 230915s9999 xx 000 0 und d
050 _aTX 911.3 .M 67 2006
100 _aMORGAN,JAMES L.
245 0 _aCULINARY CREATION
942 _cBK
999 _c206136
_d206136